000 00492nam a2200181Ia 4500
005 20250508161858.0
008 008 250505s9999 xx 000 0 eng d
037 _aTextual
040 _aFEDL
_beng
_cFEDL
041 _aeng
_2eng
084 _a379, COO
_qFEDL
100 _aCoombs Philip H
245 0 _aManaging educational costs
260 _aNew York, USA
_bOxford University Press
_c1972
300 _axvi,288p.
942 _cTEXL
_h379, COO
999 _c1372891
_d1372891